000 00760nam a22002417a 4500
005 20170124105957.0
010 _a734135
020 _c40.00
035 _a734135
037 _bCen Lib/Ret
040 _aDPL
_bEN
082 _a351.5026
_bCHA
100 _aChakravarti, Suranjan
_914902
245 _aLaw relating funds in India :
_cby Saranjan Chakravarti [and] Shyama Charan
_bas amended upto act no. 40 of 1973 /
260 _aAllahabad
_bLaw Publishing House
_c1974
270 _bAllahabad
_a39, Sheocharan Lal Road
300 _a619p.
_c23cm(Hb)
500 _aIncludes index
650 _aMine legislation
_914903
650 _aProvidents funds
_914904
700 _aCharan Shyama
_914905
942 _2ddc
_cEN
_h351.026
_mCHA
999 _c125600
_d125600